000 00236nam a2200097Ia 4500
001 643370
005 20250826153544.0
008 250824s9999 xx 000 0 und d
245 0 _aMAVİ MADALYON
_cYILMAZ ERDOĞAN
260 _bGENÇ TİMAŞ
999 _c643370
_d643370